| 000 | 00888nam a2200265Ia 4500 | ||
|---|---|---|---|
| 003 | OSt | ||
| 005 | 20220930072741.0 | ||
| 006 | a|||||r|||| 00| 0 | ||
| 007 | ta | ||
| 008 | 220926b |||||||| |||| 00| 0 eng d | ||
| 024 | _a24862 | ||
| 037 | _cTheses | ||
| 040 |
_aCRL _cCRL _beng |
||
| 041 |
_2eng _aeng |
||
| 100 |
_aLuther Harleen _9530362 |
||
| 110 | _aUniversity of Delhi. Faculty of Medical Sciences. Department of Surgery | ||
| 245 | 0 |
_aCompare the echocardiographic changes in patients of graves disease and secondary thyrotoxicosis _b Preoperatively and postoperatively |
|
| 260 | _c1998 | ||
| 300 |
_a49p. _ap. _ccm. |
||
| 650 | _aSURGERY | ||
| 700 |
_a Dr A K Kakar Supervisor _9529911 |
||
| 700 | _aUniversity of Delhi. Faculty of Medical Sciences. Department of Surgery | ||
| 942 |
_cDIS _2CC |
||
| 999 |
_c864264 _d864264 |
||